000 00499nam a2200217Ia 4500
003 OSt
005 20221007082555.0
006 a|||||r|||| 00| 0
007 ta
008 221006b |||||||| |||| 00| 0 eng d
024 _a20,986
037 _cTextual
040 _aFLL
_cFLL
_beng
041 _2eng
_aeng
082 _aZ1, N8
100 _aKapoor S.K.
245 0 _aInternational law
260 _c1998
942 _hZ1, N8
_cTEXL
_2CC
999 _c1166916
_d1166916